Modern methods of Water Purification (Record no. 370171)
[ view plain ]
| 000 -LEADER | |
|---|---|
| fixed length control field | 00263nam a22001097a 4500 |
| 082 ## - DEWEY DECIMAL CLASSIFICATION NUMBER | |
| Classification number | 628.162 DON |
| 100 ## - MAIN ENTRY--PERSONAL NAME | |
| Personal name | Don John, Chisholm John |
| 245 ## - TITLE STATEMENT | |
| Title | Modern methods of Water Purification |
| 260 ## - PUBLICATION, DISTRIBUTION, ETC. (IMPRINT) | |
| Place of publication, distribution, etc. | London |
| Name of publisher, distributor, etc. | Edward Arnold |
| Date of publication, distribution, etc. | 1911 |
| 300 ## - PHYSICAL DESCRIPTION | |
| Extent | 368 |
| 942 ## - ADDED ENTRY ELEMENTS (KOHA) | |
| Koha item type | Books (General) |
| Withdrawn status | Lost status | Damaged status | Not for loan | Collection code | Home library | Current library | Shelving location | Date acquired | Total Checkouts | Full call number | Barcode | Date last seen | Price effective from | Koha item type |
|---|---|---|---|---|---|---|---|---|---|---|---|---|---|---|
| Malayalam | College of Agriculture, Vellayani | College of Agriculture, Vellayani | 01/10/2019 | 628.162 DON | KAU_COAV-458 | 01/10/2019 | 01/10/2019 | Books (General) |
